First Half/Last Half: Entertainment Quiz Stats

 Plays Quiz Updated Jul 20, 2021

     
Support Sporcle.
Go Orange.
Score 0/20 Timer 06:00
1 Play Today
Hint % Correct
First HalfHamilton
98.7%
First HalfGrease
91.9%
First HalfBeauty and the Beast
91.8%
Last HalfThe Phantom of the Opera
88.4%
First HalfThe Book of Mormon
87.5%
First HalfAnnie
86.5%
First HalfThe Sound of Music
85.7%
Last HalfHairspray
83.5%
Last HalfCats
73%
Last HalfNewsies
72.3%
Hint % Correct
Last HalfA Chorus Line
68.7%
Last HalfMy Fair Lady
59.1%
First HalfMiss Saigon
56.5%
First HalfWest Side Story
51.3%
Last HalfSpring Awakening
50%
First HalfJersey Boys
43.3%
First HalfAvenue Q
40%
Last HalfDear Evan Hansen
35%
Last HalfBlood Brothers
27.9%
Last HalfThe Lion King
27.4%

From the Vault

Typing Challenge: 100 'A' Words

by beforever

Ready for a challenge? At least every word you type will start with the same letter.
Remove Ads.
Support Sporcle.
Get the best of Sporcle when you Go Orange. This ad-free experience offers more features, more stats, and more fun while also helping to support Sporcle. Thank you for becoming a member.

Show Comments

Extras

Top Quizzes Today


Score Distribution

Your Account Isn't Verified!

In order to create a playlist on Sporcle, you need to verify the email address you used during registration. Go to your Sporcle Settings to finish the process.

Report this User

Report this user for behavior that violates our Community Guidelines.

Details: